000 00994nam a2200301 i 4500
003 EG-GICUC
005 20260214180353.0
008 260214s1968 au d|||fr|||| 00| 0 fre d
040 _aEG-GiCUC
_bfre
_cEG-GiCUC
_dEG-GiCUC
_eRda
041 _afre
082 0 4 _221
_a341.48
_bCO
092 0 4 _221
099 _aLaw1 11 341.48 CO 1968
245 _aColloque Sur Les Droits De L'Homme Et Les Moyens De Communication De Masse/
_cAssemblée Consultative .
264 _aSalzbourg :
_bAssemblée Consultative ,
_c1968 .
300 _a123 page :
_billustration ; Charts ;
_c 24 cm.
336 _2rda contenu
_a texte
337 _2rda medias
_aOrdinateur
338 _2 transporteur rda
_a Ressource en ligne
500 _aIncludes illustration ; Charts .
546 _aTexte en français
650 1 _aDroits de l’homme
650 1 _aDroit international
651 1 _2qrmak
856 4 0 _uhttps://fll.law.cu.edu.eg/fulltext/bks/B11-06390.pdf
905 _a60
942 _2ddc
_cBK
_e21
_n0
999 _c63038
_d63038